00554nam a22001577a 450000500170000000800410001702000180005804100080007608200160008410000200010024500970012026000470021730000230026465000690028770000400035620250403145942.0250403b |||||||| |||| 00| 0 eng d a9789354358302 aeng a658.872 MIS aMishra, Aparna  aDigital Transformation: Progressive Business Management Entrepreneurship and Social Security aNew DelhibBloomsbury Academic Indiac2022 a142;. pages: 24 cm aApplication software; Computer Security; e-Business; e-Commerce  aDahiya, Vikas and Saluja, Deepali